El ser, el hombre y la razn̤ como fundamentos de la moral y el derecho

Bibliographic Details
Main Author: Morn̤ Alcain, Eduardo
Format: Unknown
Language:Spanish
Published: Cr̤doba (Argentina) : Alveroni, 2006
Online Access:Acceso restringido

MARC

LEADER 00000ny a22000003n 4500
005 20110520142948.0
008 070710s2006 ag s 000 0 spa d
020 |a 987114573X 
035 |a 2242 
040 |a UMA.RE  |d vLex 
080 |a 340.12(0.034) 
090 |c 122  |d 122 
100 1 |a Morn̤ Alcain, Eduardo 
245 1 3 |a El ser, el hombre y la razn̤ como fundamentos de la moral y el derecho  |h [Recurso electrn̤ico]  |c Eduardo Morn̤ Alcain 
256 |a Servicio en ln̕ea 
260 |a Cr̤doba (Argentina) :  |b Alveroni,  |c 2006 
506 1 |a Contenido solo disponible en los productos indicados  |d vLex Global  |d vLex Global (Academic Edition, excluding Law Schools)  |d vLex Global (U.S. Academic Edition, Law Schools)  |d vLex Global (U.S. Academic Edition, excluding Law Schools)  |d vLex Global (Academic Edition, Law Schools) 
740 0 |a vLex Libros (Servicios en ln̕ea) 
856 4 0 |u http://vlex.com/source/2242  |z Acceso restringido 
942 |c BOOK 
999 0 |a Law and ethics  |b Argentina